000 01186cam a2200325 a 4500
001 17195374
003 OSt
005 20180116192416.0
008 120305s2013 enk b 001 0 eng
010 _a 2012009073
020 _a9780415599832 (pbk. : alk. paper)
020 _a9780415599825 (hardback : alk. paper)
020 _a9780203097625 (ebook)
040 _aDLC
_cDLC
_dDLC
042 _apcc
050 0 0 _aH62
_b.H23386 2013
082 0 0 _a001.4/2
_223
100 1 _aHammond, Michael,
_d1956-
_96576
245 1 0 _aResearch methods :
_bthe key concepts /
_cMichael Hammond and Jerry Wellington.
260 _aLondon ;
_aNew York :
_bRoutledge,
_c2013.
300 _axi, 179 p. ;
_c23 cm.
490 0 _aRoutledge key guides
505 0 _aList of key concepts -- Preface -- The key concepts -- Glossary.
650 0 _aSocial sciences
_xResearch
_xMethodology.
_96577
700 1 _aWellington, J. J.
_q(Jerry J.)
_96578
906 _a7
_bcbc
_corignew
_d1
_eecip
_f20
_gy-gencatlg
942 _2ddc
_cBK
999 _c353710
_d353710